[Event "IRT Club Caissa 2019"]
[Site "Guatemala"]
[Date "2019.01.11"]
[Round "5"]
[White "Mareco, Sandro"]
[Black "Sriram, Jha"]
[Result "1-0"]
[WhiteElo "2661"]
[BlackElo "2373"]
[Annotator "TA"]
[PlyCount "137"]
[EventDate "2019.01.09"]
[EventType "swiss"]
[EventCountry "GUA"]
[SourceTitle "playchess.com"]
[Source "ChessBase"]
[SourceQuality "1"]

{[%evp 33,136,41,44,32,39,28,43,34,47,34,45,31,54,30,37,22,27,0,0,0,0,-12,12,0,0,-16,0,0,0,-7,-6,-10,-10,0,0,0,0,0,0,0,0,0,0,0,26,37,204,204,204,204,368,294,399,356,678,130,114,122,107,79,79,76,145,143,136,98,98,116,143,0,0,0,135,143,135,135,135,135,135,135,132,132,132,132,133,76,29975,29976,29981,29982,29984,29985,29993,29994,29994,29995,29995,29996,29996,29997,29997,29998,29998,29999,29999]} 1. e4 c5 2. Nf3 g6 3. d4 cxd4 4. Nxd4 Bg7 5. c4 Nc6 6. Be3 Nf6 7. Nc3 O-O 8. Be2 d6 9. O-O Bd7 10. Qd2 Nxd4 11. Bxd4 Bc6 12. f3 a5 13. b3 Nd7 14. Bf2 Nc5 15. Rab1 Be5 {B38: Sicilian: Maroczy Bind with 5...Bg7 and 7...0-0} 16. Bd1 e6 17. Bc2 Qe7 {LiveBook: 3 Games. White is slightly better.} 18. Rfe1 Rfd8 {[#]} 19. Rbd1 $146 ({Predecessor:} 19. a3 Be8 20. b4 axb4 21. axb4 Na6 22. Red1 Rdc8 23. Bd3 {½-½ (41) Erdos,V (2624)-Kveinys,A (2535) Antalya 2017}) 19... b6 20. Qe3 Qc7 21. Bg3 (21. a3 {looks sharper.} Re8 22. f4 Bg7 23. Qd2 Rec8 24. a4) 21... Bxg3 22. hxg3 Qe7 23. f4 Rab8 24. a3 b5 25. b4 axb4 26. axb4 Nd7 27. Qd4 Nf8 28. cxb5 Bxb5 29. Ra1 Bc6 30. Reb1 e5 31. Qe3 exf4 32. gxf4 d5 33. Ra7 Rb7 34. Rxb7 Bxb7 35. Qc5 $36 {[%mdl 2048] White is pushing.} Qf6 36. Nxd5 Bxd5 37. exd5 Qxf4 38. Ba4 Qf5 39. Rd1 Ra8 $2 (39... Qe4 $14) 40. Bc6 $1 $18 {[%cal Rc6a8]} Ra2 41. d6 $1 {Threatens to win with Qxf5.} Qg4 $2 (41... Qxc5+ {might work better.} 42. bxc5 Ra5) 42. Qd4 $1 {[%cal Rd4g4]} Qg3 43. b5 h5 $2 (43... Qg5 44. d7 Nxd7) 44. d7 $2 (44. b6 $18 {and the rest is easy. Hoping for b7.} Nd7 45. b7) 44... Nxd7 $16 45. Qxd7 Qf2+ 46. Kh2 {And now Qd8+ would win.} Ra4 {aiming for ...Rh4+.} 47. Rd3 {Qd6 is the strong threat.} Rh4+ (47... Qf4+ $142 48. Kg1 (48. g3 Ra2+ 49. Bg2 Qf1 $16) 48... Kg7) 48. Rh3 Qf4+ 49. Kg1 Qc1+ {[#]} 50. Kf2 $1 ({Don't play} 50. Kh2 Qf4+ 51. Kg1 Qc1+ 52. Kh2 Qf4+ $18) 50... Qb2+ 51. Kg1 (51. Ke1 $16 Qe5+ 52. Kf2 Qc5+ 53. Re3 Rf4+ 54. Bf3) 51... Qc1+ $1 $11 52. Kh2 (52. Kf2 $11 Qc5+ 53. Re3 Rf4+ 54. Bf3) 52... Qf4+ $16 53. g3 {[%mdl 64] Double Attack} Qf2+ 54. Bg2 Rb4 55. Qd8+ Kg7 {[#]} 56. Rh4 $1 {[%cal Rh4b4]} Rxb5 57. Rf4 Qa2 58. Qf6+ Kg8 59. Rf2 ({Better is} 59. Re4 {Re8+ would kill now.} Rb8 60. Re7) 59... Qa7 $2 {[%mdl 8192]} (59... Qe6 $16) 60. Rd2 {White mates.} Rb8 61. Bd5 Kh7 62. Bxf7 Rb6 {[#]} 63. Bg8+ $1 {[%mdl 512]} Kh6 (63... Kxg8 64. Rd8+) 64. Qh8+ Kg5 65. Rd5+ Kg4 66. Qd4+ Kf3 67. Qf4+ Ke2 68. Rd2+ Ke1 69. Qf2# {Accuracy: White = 62%, Black = 52%.} 1-0

[Event "IRT Club Caissa 2019"]
[Site "Guatemala"]
[Date "2019.01.11"]
[Round "5"]
[White "Cuenca Jimenez, Jose Fernando"]
[Black "Zaragatski, Ilja"]
[Result "1-0"]
[WhiteElo "2512"]
[BlackElo "2465"]
[Annotator "TA"]
[PlyCount "101"]
[EventDate "2019.01.09"]
[EventType "swiss"]
[EventCountry "GUA"]
[SourceTitle "playchess.com"]
[Source "ChessBase"]
[SourceQuality "1"]

{[%evp 11,101,47,31,0,0,-13,13,8,25,10,13,-9,4,10,6,10,49,4,47,58,31,-43,-53,-40,12,0,0,0,0,0,0,0,15,0,0,0,36,40,41,54,29,27,27,27,18,20,12,16,56,8,15,9,333,283,362,364,298,287,453,450,426,448,432,323,427,425,410,416,416,408,483,476,441,399,408,399,380,375,621,604,601,587,680,598,1138,1087,29969,29971,29988,29989,29992,29989]} 1. d4 d5 2. c4 e6 3. Nf3 c6 4. Bg5 f6 5. Bd2 Bd6 6. Nc3 {D30: Queen's Gambit Declined: Systems without Nc3} f5 {LiveBook: 5 Games} 7. Qc1 Nf6 8. Bf4 {The position is equal.} O-O $146 ({Predecessor:} 8... b6 9. g3 O-O 10. Bg2 Ba6 11. b3 dxc4 12. O-O Nd5 13. Bxd6 Qxd6 {1-0 (31) Rozman,L (2354)-Gorovets,A (2543) Atlantic City 2016}) 9. e3 b6 10. Bd3 Ba6 11. b3 c5 12. Bxd6 Qxd6 13. O-O cxd4 (13... dxc4 {keeps more tension.} 14. bxc4 Nc6 15. Nb5 Qe7 16. Qb2 Bb7) 14. Nxd4 Ng4 {[%csl Gg4][%cal Rd6h2]} 15. f4 dxc4 16. Bxc4 (16. Be2 $1 $14) 16... Bxc4 $15 17. bxc4 Na6 (17... Nc6 $15) 18. Ncb5 Qe7 19. h3 Nf6 20. a4 Nc5 {[%cal Ba6c5,Bc5b3,Bb3a1][%mdl 32]} 21. a5 Nfe4 22. Qa3 bxa5 23. Qxa5 e5 24. Nc6 Qf6 25. Nxe5 Nb3 {[%mdl 64] Double Attack} 26. Qa2 Nxa1 27. Nd7 Qf7 28. Nxf8 {And now Ne6 would win.} Nb3 {...Nbc5 is the strong threat.} 29. Nd7 $36 {[%mdl 2048] White is more active.} Qxc4 {[#]} 30. Nb6 $1 {[%mdl 576] Double Attack, Pin} Qxb5 (30... axb6 31. Qxa8+) 31. Nxa8 {Threatens to win with Nc7.} a5 $2 {[%mdl 8192]} (31... Qd3 $11) 32. Qc2 $18 h6 33. Nc7 Qb7 34. Ne6 Qd5 (34... Qa6 $142) 35. Qc8+ Kh7 36. Nf8+ Kh8 37. Ng6+ {[%mdl 64] Discovered Attack (Double check)} Kh7 38. Ne7 Qf7 39. Nxf5 a4 40. Nd4 Nxd4 41. exd4 {[%mdl 4096] Endgame KQR-KQN} Qd5 42. Rd1 a3 {If Black can now play ...a2 this consolidates a bit.} 43. Qc2 a2 44. Kh2 Kh8 $2 (44... h5 45. g3 Kh6) 45. Ra1 Qf5 46. g3 Qg6 47. Qd3 Qe6 48. d5 {[%cal Bd4d5,Bd5d6][%mdl 32]} Qb6 49. Rxa2 {White mates.} Qb4 {[#]} 50. d6 $1 Qe1 (50... Qxd6 51. Ra8+) 51. Re2 {Accuracy: White = 59%, Black = 32%.} 1-0

[Event "IRT Club Caissa 2019"]
[Site "Guatemala"]
[Date "2019.01.11"]
[Round "5"]
[White "Strikovic, Aleksa"]
[Black "Gonzalez Zamora, Juan Carlos"]
[Result "1-0"]
[WhiteElo "2490"]
[BlackElo "2529"]
[Annotator "TA"]
[PlyCount "123"]
[EventDate "2019.01.09"]
[EventType "swiss"]
[EventCountry "GUA"]
[SourceTitle "playchess.com"]
[Source "ChessBase"]
[SourceQuality "1"]

{[%evp 16,123,26,13,6,17,14,14,10,13,0,-30,-29,-47,-42,-73,43,42,79,96,80,0,104,111,114,105,94,91,117,116,131,132,139,147,138,129,193,193,149,175,222,189,197,208,212,212,205,193,227,227,227,227,220,217,643,613,587,219,227,249,249,181,29958,29959,29960,29960,29959,29963,29964,29964,29968,29969,29969,29968,29968,29969,29968,29967,29966,29962,29974,29975,29975,29975,29975,29976,29975,29977,29978,29977,29977,29978,29979,29980,29980,29981,29983,29984,29984,29985,29985,29986,29986,29987,29987,29988,29991,29992,29992,29993]} 1. c4 e5 2. Nc3 Nf6 3. Nf3 Nc6 4. d4 exd4 5. Nxd4 Bb4 6. g3 Ne4 7. Qd3 Nxc3 {A28: English Opening: Four Knights Variation} (7... Nc5 8. Qe3+ Ne6 9. Nc2 d5 10. cxd5 Qxd5 11. f3 Qf5 12. Qd2 O-O 13. Nxb4 Nxb4 14. Ne4 Qa5 15. Kf2 {0-1 (29) Schlosser,P (2562)-Baklan,V (2648) Trieste 2007}) 8. bxc3 Be7 9. Bg2 {LiveBook: 4 Games} Ne5 {The position is equal.} 10. Qe4 d6 11. c5 $146 ({Predecessor:} 11. f4 Nd7 12. O-O O-O 13. Ba3 Nb6 14. Qd3 c5 15. Nc2 {1-0 (31) Bui,V (2480)-Nguyen Huynh Minh,H (2469) Ho Chi Minh City 2010}) 11... O-O 12. O-O dxc5 13. Nf5 Bf6 14. Bf4 Qe8 15. Rad1 Bxf5 (15... Qe6 $17 16. Bxe5 Bxe5) 16. Qxf5 $40 {[%mdl 128] White has some attack.} c6 17. Be4 {[%csl Ge4][%cal Rf5h7]} Ng6 18. Rd7 ({White should try} 18. Bd6 $16) 18... Qe6 (18... Qc8 $1 $11 {remains equal.}) 19. Qxe6 $16 ({Much weaker is} 19. Rxb7 $6 Qxf5 20. Bxf5 Nxf4 $11) 19... fxe6 {[#]} 20. Bxg6 $1 hxg6 21. Rxb7 Bxc3 22. Rc1 Bb4 23. Bd6 Rf7 24. Rxf7 Kxf7 25. Bxc5 Bxc5 (25... a5 $16) 26. Rxc5 {[%mdl 4096] Endgame KR-KR} Rc8 27. f4 Rb8 28. Rxc6 Rb2 29. Rc7+ Kf6 30. Rxa7 Rxe2 {[#]} 31. Ra5 $1 Rb2 32. h4 Rc2 33. a4 Ra2 34. g4 {[%cal Bg3g4,Bg4g5][%mdl 32]} Rc2 $2 (34... Kf7 35. Ra8 Ke7) 35. g5+ $18 Kf7 36. Ra8 $2 (36. Ra7+ Kg8 37. a5) 36... Rc4 37. a5 Rxf4 38. a6 Rxh4 $2 (38... Ra4 $18 39. Kg2 e5) 39. Rb8 {White mates.} Ra4 40. Rb7+ Kg8 41. a7 Kh7 42. Kf2 e5 43. Ke3 Ra1 44. Kd3 Ra4 45. Rd7 Ra1 46. Rc7 Ra4 47. Re7 e4+ 48. Ke3 Ra1 49. Rb7 Ra4 50. Kf4 e3+ 51. Kxe3 Ra1 52. Rc7 Ra4 53. Kd3 Ra1 54. Kd4 Ra5 55. Kc4 Ra1 56. Kb5 Kg8 57. Kb6 Kh7 58. Rc4 Rb1+ 59. Ka5 Rh1 60. Ra4 ({Inferior is} 60. a8=Q Ra1+ 61. Ra4 Rxa4+ 62. Kxa4 $11) 60... Rh2 61. a8=Q Rh3 62. Qg2 {Accuracy: White = 70%, Black = 33%.} 1-0

[Event "IRT Club Caissa 2019"]
[Site "Guatemala"]
[Date "2019.01.11"]
[Round "5"]
[White "Mitkov, Nikola"]
[Black "Almeida Quintana, Omar"]
[Result "1/2-1/2"]
[WhiteElo "2477"]
[BlackElo "2540"]
[Annotator "TA"]
[PlyCount "163"]
[EventDate "2019.01.09"]
[EventType "swiss"]
[EventCountry "GUA"]
[SourceTitle "playchess.com"]
[Source "ChessBase"]
[SourceQuality "1"]

{[%evp 18,163,58,62,77,70,81,46,83,27,8,-16,-18,-8,0,-28,0,-47,-20,-14,0,0,0,0,0,0,0,0,0,0,0,0,0,0,0,0,0,0,57,0,0,0,0,0,0,0,45,57,194,206,742,669,843,855,814,-6,0,0,823,815,731,552,538,533,521,523,510,500,504,492,492,489,474,424,477,415,503,449,439,335,606,599,558,536,525,411,375,354,329,0,353,350,529,513,479,389,525,513,487,445,470,416,402,423,764,498,460,193,284,285,277,226,276,276,277,283,269,211,243,0,0,0,0,0,0,0,0,-8,-8,-8,-8,-29,0,0,0,0,0,0,219,227,552,552,480,479,300,0,57,0]} 1. e4 g6 2. Nc3 c6 3. d4 Bg7 4. h3 d6 5. Be3 Nf6 6. Qd2 O-O 7. f4 b5 8. Bd3 Nbd7 9. Nf3 Nb6 10. O-O {LiveBook: 4 Games. B09: Pirc Defence: Austrian Attack} Qc7 (10... Nc4 11. Bxc4 bxc4 12. f5 Rb8 13. Bh6 Rxb2 14. Rad1 Qa5 15. Bxg7 Kxg7 16. g4 h6 17. Rf2 Nh7 {1-0 (46) Klein,D (2498)-Piepho,N (2293) Barcelona 2014}) 11. f5 b4 $146 ({Predecessor:} 11... Nc4 12. Bxc4 bxc4 13. Bh6 Nd7 14. Bxg7 Kxg7 15. Kh1 Nb6 16. Qf4 c5 17. Nh4 cxd4 18. Nb5 Qd8 19. Nxd4 Nd7 20. fxg6 hxg6 21. Nxg6 e5 22. Nf5+ Kxg6 23. Qh6# {1-0 (23) Botan,M (2175)-Gerlach,M (2075) Biel 1991}) 12. Nd1 {White is better.} d5 {[%cal Bd6d5,Bd5e4][%mdl 32]} 13. e5 (13. Bf4 $16 Qb7 14. exd5) 13... Ne4 $11 14. Bxe4 dxe4 15. Nh4 $1 Ba6 16. Rf2 {[#]} c5 $1 {[%mdl 512]} 17. Bh6 (17. f6 {is more complex.} Nc4 18. Qe1 exf6 19. exf6 Bh8 20. Nf5) (17. dxc5 Nc4) 17... cxd4 (17... e3 $5 18. Qxe3 cxd4 $15) 18. Bxg7 e3 19. Nxe3 $1 dxe3 20. Qxe3 Kxg7 21. f6+ $1 exf6 22. exf6+ Kh8 23. Qh6 {[%csl Gf6][%cal Rh6g7]} Rg8 24. Nf3 $1 {[%cal Rf3g5] [#] Threatening mate with Ng5.} g5 $1 25. Nxg5 Rxg5 26. Qxg5 {[%csl Gf6][%cal Rg5g7]} Rg8 27. Qf4 Qc5 ({Better is} 27... Qc6 $11) 28. Re1 ({White should try} 28. Rd1 $1 $14) 28... Bb7 29. Qe3 Qc6 {[%cal Rg8g2]} 30. Ree2 $1 {[%cal Be1e2,Be2d2,Bd2d4][%mdl 32] Black must now prevent Qe7.} Ba6 31. Qe4 Qc8 32. Rd2 Nc4 ({Black should play} 32... Bb7 $1 $14 33. Qe7 Bd5) 33. Rd4 $18 Qc5 $2 (33... Na5 34. Qf5 Nc6) 34. Rf5 Qb6 35. Rh5 {[%csl Ge4][%cal Rh5h7]} Rg6 36. Qe8+ Rg8 37. Qe4 $40 {[%csl Ge4][%cal Rh5h7][%mdl 128] White mounts an attack.} Rg6 38. Qh4 Kg8 39. Rxh7 {[%csl Gh4][%cal Rh7h8]} Qxd4+ 40. Qxd4 {White wants to mate with Qh4.} Kxh7 41. g4 Nb6 42. h4 Bc4 43. g5 Be6 44. Qxb4 Nd5 45. Qa5 Nxf6 46. Qxa7 Rg8 47. Qd4 Nd7 48. Qe4+ Kh8 $2 (48... Kg7 49. b3 Rc8) 49. a4 Rc8 50. b3 Rc5 51. Kf2 Kg7 52. Kg3 Rc3+ 53. Kf2 {And now Qd4+ would win.} Rc5 54. c4 Ra5 (54... Re5 $142 55. Qd4 f6) 55. Kg3 Kg8 56. Kf4 Nc5 57. Qe3 Nd7 58. Qd3 Rc5 59. Qd4 Rf5+ 60. Kg3 Nc5 (60... Kh7 $142 61. Qe4 Kg7) 61. b4 Nxa4 62. c5 (62. Kg2 $142) 62... Rd5 63. Qf6 Rd3+ 64. Kf2 $1 Nc3 {aiming for ...Ne4+.} 65. Qf4 $1 Bd5 {Now ...Ne4+ and Black clings on.} 66. h5 Ne4+ 67. Ke1 Rb3 {[#]} 68. Qb8+ $2 (68. h6 $1 $18) 68... Kh7 $11 69. g6+ fxg6 70. hxg6+ Kxg6 71. Qe8+ Kf5 {Hoping for ...Re3+.} 72. Qh5+ Ng5 73. Qd1 Ke5 74. Qh5 Kf5 75. Qd1 Nf3+ 76. Kf2 Rb2+ 77. Ke3 Ke6 $2 (77... Rb3+ $1 $11 {and Black has nothing to worry.} 78. Qxb3 Bxb3 79. Kxf3 Ke6) 78. Qa4 $18 {[%mdl 1024] Threatens to win with Qe8+. White has strong compensation.} Ne5 $2 (78... Rb3+ {is a better chance.} 79. Kf4 Kf6) 79. Qe8+ Kf5 80. Qh5+ Ke6 81. Qe8+ $2 (81. Qh6+ $18 Kf5 82. Kd4) 81... Kf5 $14 82. Qh5+ {Precision: White = 52%, Black = 43%.} (82. Qf8+ $14 Bf7 {[#]} 83. c6 $1 {[%mdl 512]} Rb3+ 84. Kd2 Rd3+ 85. Kc2) 1/2-1/2

[Event "IRT Club Caissa 2019"]
[Site "Guatemala"]
[Date "2019.01.11"]
[Round "5"]
[White "Calderin Gonzalez, Roberto"]
[Black "Gavarrete, Joel"]
[Result "1-0"]
[WhiteElo "2427"]
[BlackElo "2040"]
[Annotator "TA"]
[PlyCount "77"]
[EventDate "2019.01.09"]
[EventType "swiss"]
[EventCountry "GUA"]
[SourceTitle "playchess.com"]
[Source "ChessBase"]
[SourceQuality "1"]

{[%evp 15,77,28,57,63,58,58,56,31,68,58,49,27,111,108,418,430,428,419,423,437,654,472,460,460,439,442,427,311,401,408,396,389,363,266,261,263,316,303,430,446,437,379,391,343,363,277,286,276,252,235,228,0,259,195,194,169,279,259,409,402,366,186,29987,29988]} 1. d4 d5 2. Nf3 Bf5 3. c4 e6 4. Nc3 c6 5. Qb3 Qb6 6. c5 Qxb3 7. axb3 Nd7 8. b4 Ngf6 {LiveBook: 3 Games. D11: Slav Defence: 3 Nf3 sidelines and 3...Nf6 4 e3 Bg4} (8... a6 9. b5 cxb5 10. Nxb5 Rc8 11. Nc3 Ne7 12. e3 Nc6 13. Nh4 Be4 14. f3 Bc2 15. Kd2 Nb4 16. f4 Be7 {½-½ (59) Cramling,P (2448)-Smith,A (2507) Lund 2017}) 9. b5 Be7 10. bxc6 bxc6 {White is slightly better.} 11. Bf4 Nh5 12. Bd2 $146 ({Predecessor:} 12. Bc7 O-O 13. h3 Rfc8 14. Bh2 Nhf6 15. b4 Bd8 {1-0 (31) Dudas,J (2211)-Podoba,M (2157) Slovakia 2011}) 12... O-O 13. b4 Rfb8 (13... Nhf6 $1 $11) 14. e3 $16 Ndf6 $2 {[%mdl 8192]} (14... a6 $16 {is a better chance.}) 15. Ne5 $18 Rxb4 16. Nxc6 Rb7 17. f3 {[%cal Bf2f3,Bf3f4][%mdl 32]} Rc8 (17... Rc7 $142 18. Ra6 Rac8) 18. Nxe7+ Rxe7 19. Be2 e5 20. Kf2 e4 21. f4 Bg4 {[#]} 22. Nxd5 $1 {[%mdl 512]} Rd7 (22... Nxd5 23. Bxg4) 23. Nxf6+ Nxf6 24. h3 Bxe2 25. Kxe2 Rb7 26. Rhb1 Rcb8 (26... Rd7 {keeps fighting.} 27. Ra6 Nd5) 27. Rxb7 Rxb7 {[%mdl 4096] Endgame KRB-KRN} 28. Ra6 Kf8 29. c6 Rc7 30. Bb4+ Ke8 31. Bd6 Rc8 32. Be5 Nd5 33. Bd6 $2 (33. Ra5 $18) 33... Rd8 $2 {[%mdl 8192]} (33... Nf6 $1 $11 {and Black is okay.}) 34. Bc5 Rc8 35. f5 Rb8 (35... Nc7 {might work better.} 36. Rxa7 Nd5) 36. Rxa7 Rb2+ (36... Rc8 {was necessary.} 37. Rd7 Rd8 38. Rxd8+ Kxd8) 37. Ke1 {Intending Ra8+ and mate.} Rb8 38. Rd7 (38. Ra5 $142 {And now Bd6 would win.} Nxe3 39. g4) 38... Nxe3 $2 {[#]} (38... Rd8 $18 39. Ra7 Rc8) 39. Re7+ {Precision: White = 61%, Black = 23%.} 1-0

[Event "IRT Club Caissa 2019"]
[Site "Guatemala"]
[Date "2019.01.11"]
[Round "5"]
[White "Juarez Flores, Roberto"]
[Black "Barrientos, Sergio E"]
[Result "0-1"]
[WhiteElo "2109"]
[BlackElo "2494"]
[Annotator "TA"]
[PlyCount "83"]
[EventDate "2019.01.09"]
[EventType "swiss"]
[EventCountry "GUA"]
[SourceTitle "playchess.com"]
[Source "ChessBase"]
[SourceQuality "1"]

{[%evp 14,83,27,27,42,36,43,29,28,36,67,9,7,-24,48,0,57,39,59,51,81,23,47,9,50,18,64,-40,0,-43,-36,-50,-35,-109,-125,-150,-95,-96,-77,-129,-93,-101,-63,-86,-88,-55,-65,-77,0,-11,-18,-34,-16,-26,-34,-166,-155,-143,-125,-423,-350,-583,-536,-528,-516,-482,-491,-885,-920,-902,-872,-5157]} 1. d4 Nf6 2. c4 d6 3. Nc3 Nbd7 4. e4 e5 5. d5 Nc5 6. Qc2 a5 7. h3 {A53: Old Indian Defence without Nf3} (7. Nf3 Be7 8. Be3 b6 9. h3 Bd7 10. Be2 g6 11. Nd2 h5 12. g3 a4 13. f4 h4 14. g4 exf4 15. Bxf4 {0-1 (55) Lenaerts,L (2362)-Bosboom,M (2404) Haarlem 2018}) 7... Be7 8. Be3 {LiveBook: 3 Games} O-O 9. Nf3 {White is slightly better.} Nfd7 10. g4 c6 11. Be2 a4 12. O-O-O $146 (12. O-O $14) ({Predecessor:} 12. Rd1 Qa5 13. O-O Rd8 {1-0 (51) Hasterok,M (1868)-Zochowski,K (2269) Wroclaw 2018}) 12... Qa5 $11 13. Kb1 Nb6 (13... a3 $11) 14. Nd2 Bd7 (14... a3 $11) 15. a3 $14 Rac8 16. Rc1 Na8 {[%cal Bb6a8,Ba8c7,Bc7a6][%mdl 32]} 17. Qd1 (17. g5 $16) 17... Nc7 $11 18. f3 cxd5 19. cxd5 {Nc4 is the strong threat.} b5 20. Na2 (20. Bxc5 $1 $14 dxc5 21. d6 Bxd6 22. Nc4 {[%mdl 64] Discovered Attack} bxc4 23. Qxd6 {[%mdl 64] Double Attack}) 20... N7a6 21. Rc3 Rb8 22. Qc2 Qd8 23. Rc1 (23. h4 $15) 23... Bg5 $17 24. Qd1 Bxe3 (24... b4 $142 25. Nxb4 Nxb4 26. axb4 Bxe3 27. Rxe3 Rxb4) 25. Rxe3 Qg5 26. Rec3 (26. Qg1 $142) 26... g6 27. Qe1 f5 28. h4 Qf4 {[%cal Rf5e4]} 29. gxf5 gxf5 30. Nb4 {[#]} fxe4 (30... Kh8 $1 $17 31. Nd3 Nxd3 32. Bxd3 Nc5) 31. Nxa6 Nxa6 32. fxe4 {Strongly threatening Rf3.} Qf2 33. Rg3+ Kh8 34. Bg4 (34. b4 $15) 34... Bxg4 $19 35. Rxg4 Nc5 36. Qd1 $2 {[%mdl 8192]} (36. Rg3 $17) 36... Qd4 37. Nf1 $2 (37. Rg2 {was called for.} b4 38. Nc4 Qxe4+ 39. Qc2) 37... Nd3 {[%csl Gd3][%cal Rd4b2] Black is clearly winning.} 38. Rc2 b4 {( -> ...bxa3)} 39. Rg3 Nc5 40. Nd2 (40. Ne3 $142 Nxe4 41. Rh3) 40... bxa3 41. Rxa3 {[#]} Rb3 $1 {[%mdl 512]} 42. Rc3 {Accuracy: White = 20%, Black = 51%.} (42. Nxb3 Qxd1+) 0-1

[Event "IRT Club Caissa 2019"]
[Site "Guatemala"]
[Date "2019.01.11"]
[Round "5"]
[White "Ramirez Marino, Richard Daniel"]
[Black "Juarez Flores, Carlos A."]
[Result "0-1"]
[WhiteElo "2080"]
[BlackElo "2377"]
[Annotator "NA"]
[PlyCount "117"]
[EventDate "2019.01.09"]
[EventType "swiss"]
[EventCountry "GUA"]
[SourceTitle "playchess.com"]
[Source "ChessBase"]
[SourceQuality "1"]
[TimeControl "5400+30"]

1. e4 {[%emt 0:01:08]} c6 {[%emt 0:00:21]} 2. d4 {[%emt 0:02:17]} d5 {[%emt 0:00:05]} 3. Nc3 {[%emt 0:00:04]} b5 {[%emt 0:00:19]} 4. a3 {[%emt 0:04:31]} dxe4 {[%emt 0:00:07]} 5. Nxe4 {[%emt 0:00:04]} Nf6 {[%emt 0:00:02] B15: Caro-Kann: 3 Nc3: 3...g6 and 3...dxe4 4 Nxe4 Nf6 5 Nxf6+ exf6} 6. Nxf6+ {[%emt 0:02:08]} (6. Bd3 g6 7. Bg5 Bg7 8. Nf3 O-O 9. Qd2 Bf5 10. Nxf6+ exf6 11. Be3 Bxd3 12. Qxd3 Nd7 13. d5 {0-1 (41) Belyakov,B (2487)-Howell,D (2644) Doha 2016}) 6... exf6 {[%emt 0:00:05]} 7. Ne2 {[%emt 0:03:25]} Bd6 {[%emt 0:00:51]} 8. g3 $146 {[%emt 0:04:17]} ({Predecessor:} 8. Ng3 O-O 9. Be2 Be6 10. O-O Nd7 11. Bf3 Qc7 12. Re1 Nb6 13. b3 Bxg3 14. hxg3 {½-½ (56) Ginovart,A (1802)-Roque,G (1583) Montlucon 2011}) 8... Be6 {[%emt 0:07:30]} 9. Bg2 {[%emt 0:00:49]} Qd7 {[%emt 0:02:06]} 10. Bf4 {[%emt 0:07:27]} Na6 {[%emt 0:04:15]} 11. O-O {[%emt 0:05:29]} Nc7 {[%emt 0:01:18]} 12. Bxd6 {[%emt 0:01:47]} Qxd6 {[%emt 0:00:03]} 13. Nf4 {[%emt 0:01:39]} O-O {[%emt 0:00:39]} 14. Qf3 {[%emt 0:02:49]} Bd5 {[%emt 0:03:07]} 15. Nxd5 {[%emt 0:02:06]} Nxd5 {[%emt 0:00:04]} 16. b3 {[%emt 0:01:38]} Rac8 {[%emt 0:01:59]} 17. c4 {[%emt 0:14:19]} Ne7 {[%emt 0:00:57]} 18. Rfe1 {[%emt 0:01:49]} bxc4 {[%emt 0:01:27]} 19. Qe4 {[%emt 0:03:05]} Rc7 {[%emt 0:03:21]} 20. bxc4 {[%emt 0:00:12]} Rd8 {[%emt 0:00:10]} 21. c5 {[%emt 0:06:12]} Qxd4 {[%emt 0:02:30]} 22. Qxd4 {[%emt 0:00:17]} Rxd4 {[%emt 0:00:06]} 23. Rad1 {[%emt 0:00:14]} Rxd1 {[%emt 0:03:00]} 24. Rxd1 {[%emt 0:00:11]} g6 {[%emt 0:01:51]} 25. Rd6 {[%emt 0:04:40]} Kg7 {[%emt 0:01:27]} 26. a4 {[%emt 0:00:24]} a5 {[%emt 0:06:20]} 27. Rd8 {[%emt 0:03:23]} Nc8 {[%emt 0:13:14]} 28. g4 {[%emt 0:01:24]} Ne7 {[%emt 0:04:10]} 29. Ra8 {[%emt 0:03:56]} Rb7 {[%emt 0:00:07]} 30. h3 {[%emt 0:00:39]} Rb1+ {[%emt 0:05:41]} 31. Kh2 {[%emt 0:00:19]} Rb2 {[%emt 0:02:59]} 32. Kg1 $11 {[%emt 0:03:28]} (32. Ra7 $11) 32... Rc2 {[%emt 0:06:33]} 33. Rxa5 {[%emt 0:00:21]} f5 {[%emt 0:00:09]} 34. g5 {[%emt 0:02:35]} f4 {[%emt 0:02:30]} 35. Be4 {[%emt 0:04:15]} Rc4 {[%emt 0:01:58]} 36. f3 {[%emt 0:00:11]} f5 {[%emt 0:04:55]} 37. Bd3 {[%emt 0:02:57]} Rc3 {[%emt 0:00:41]} 38. Be2 {[%emt 0:00:14]} Kf7 {[%emt 0:02:09]} 39. Ra7 {[%emt 0:01:52]} Rxc5 {[%emt 0:00:37]} 40. a5 {[%emt 0:00:12]} Ke6 {[%emt 0:03:21]} 41. a6 {[%emt 0:00:40]} Ra5 {[%emt 0:01:13]} 42. Kf2 {[%emt 0:02:05]} Kd6 {[%emt 0:01:03]} 43. Ke1 {[%emt 0:01:44]} Ra1+ {[%emt 0:02:01]} 44. Kd2 {[%emt 0:00:16]} Ra2+ {[%emt 0:00:03]} 45. Ke1 {[%emt 0:00:13]} c5 {[%emt 0:00:31]} 46. Bb5 {[%emt 0:02:54]} Nc6 {[%emt 0:05:06]} 47. Rxh7 {[%emt 0:01:18]} Ra1+ {[%emt 0:01:22]} 48. Kf2 {[%emt 0:01:38]} Ra2+ {[%emt 0:01:26]} 49. Ke1 {[%emt 0:00:17]} Ne5 {[%emt 0:01:00]} 50. a7 {[%emt 0:01:08]} c4 {[%emt 0:02:09]} 51. Kd1 {[%emt 0:02:21]} Kc5 {[%emt 0:00:27]} 52. Rb7 {[%emt 0:01:02]} Nxf3 {[%emt 0:00:54]} 53. Be8 {[%emt 0:01:07]} Ne5 {[%emt 0:00:31]} 54. Rc7+ {[%emt 0:00:56]} Kd4 {[%emt 0:00:18]} 55. Bc6 {[%emt 0:00:31]} Nxc6 {[%emt 0:01:37]} 56. Rxc6 {[%emt 0:00:04]} f3 {[%emt 0:00:24]} 57. Ke1 {[%emt 0:00:25]} Ke3 {[%emt 0:00:53]} 58. Re6+ {[%emt 0:00:54]} Kf4 {[%emt 0:00:02]} 59. Kf1 {[%emt 0:00:38] Ke5} 0-1